Udinese Calcio Squad 2025-2026 - Statistics

General Stats
  • This quiz has been taken 124 times
    51 since last reset
  • The average score is 20 of 32
Answer Stats
# Position Nation Player % Correct
40 GK Nigeria Maduka Okoye
100%
10 MF Italy Nicolò Zaniolo
92%
9 FW England Keinan Davis
87%
4 MF Slovenia Sandi Lovrić
87%
27 DF Belgium Christian Kabasele
84%
8 MF Sweden Jesper Karlström
84%
33 DF Zimbabwe Jordan Zemura
82%
90 GK Romania Răzvan Sava
82%
31 DF Denmark Thomas Kristensen
82%
- Coach Germany Kosta Runjaić
79%
18 FW Poland Adam Buksa
76%
14 MF France Arthur Atta
76%
38 MF Scotland Lennon Miller
74%
13 DF Italy Nicolò Bertola
74%
28 DF France Oumar Solet
74%
93 GK Italy Daniele Padelli
71%
11 DF Ivory Coast Hassane Kamara
71%
2 DF Georgia Saba Goglichidze
71%
32 MF Netherlands Jurgen Ekkelenkamp
66%
19 DF Netherlands Kingsley Ehizibue
66%
15 FW Ivory Coast Vakoun Bayo
66%
24 MF Poland Jakub Piotrowski
61%
17 FW Spain Iker Bravo
58%
6 MF Spain Oier Zarraga
58%
59 DF Italy Alessandro Zanoli
50%
7 FW Senegal Idrissa Gueye
37%
16 DF Germany Matteo Palma
29%
1 GK Italy Alessandro Nunziante
24%
77 MF Angola Rui Modesto
24%
20 MF Colombia Juan Arizala
18%
29 MF France Abdoulaye Camara
16%
22 DF Croatia Branimir Mlačić
16%
No matching quizzes found
Score Distribution
Percent of People with Each Score
Percentile by Number Answered
Your Score History
You have not taken this quiz since the last reset